KONSEP DAN APLIKASI FIQH MUAMALAT DALAM SISTEM PERBANKAN DAN KEWANGAN ISLAM / (Record no. 182930)
[ view plain ]
| 000 -LEADER | |
|---|---|
| fixed length control field | 00971nam a22002771i 4500 |
| 005 - DATE AND TIME OF LATEST TRANSACTION | |
| control field | 20210324145543.0 |
| 008 - FIXED-LENGTH DATA ELEMENTS--GENERAL INFORMATION | |
| fixed length control field | 210324t2020 my |||g ||| 001 0 may d |
| 020 ## - INTERNATIONAL STANDARD BOOK NUMBER | |
| International Standard Book Number | 9789834901417 |
| Terms of availability | RM 35.00 |
| Qualifying information | paperback |
| 040 ## - CATALOGING SOURCE | |
| Original cataloging agency | PPAK |
| Language of cataloging | eng |
| Transcribing agency | PPAK |
| Description conventions | rda |
| 082 04 - DEWEY DECIMAL CLASSIFICATION NUMBER | |
| Edition number | 23 |
| Classification number | 332.088297 |
| 090 00 - LOCALLY ASSIGNED LC-TYPE CALL NUMBER (OCLC); LOCAL CALL NUMBER (RLIN) | |
| Classification number (OCLC) (R) ; Classification number, CALL (RLIN) (NR) | 332.088297 |
| Feature heading | MUH |
| Feature heading | G |
| 100 0# - MAIN ENTRY--PERSONAL NAME | |
| Personal name | Muhammad Ridhwan Ab. Aziz, |
| Relator term | author. |
| 245 10 - TITLE STATEMENT | |
| Title | KONSEP DAN APLIKASI FIQH MUAMALAT DALAM SISTEM PERBANKAN DAN KEWANGAN ISLAM / |
| Statement of responsibility, etc. | MUHAMMAD RIDHWAN AB. AZIZ |
| 264 #1 - PRODUCTION, PUBLICATION, DISTRIBUTION, MANUFACTURE, AND COPYRIGHT NOTICE | |
| Place of production, publication, distribution, manufacture | Kuala Lumpur : |
| Name of producer, publisher, distributor, manufacturer | Dewan Bahasa dan Pustaka , |
| Date of production, publication, distribution, manufacture, or copyright notice | 2020 |
| Date of production, publication, distribution, manufacture, or copyright notice | ©2020 |
| 300 ## - PHYSICAL DESCRIPTION | |
| Extent | xiv, 234 pages ; |
| Dimensions | 22 cm. |
| 336 ## - CONTENT TYPE | |
| Source | rdacontent |
| Content type term | text |
| 337 ## - MEDIA TYPE | |
| Source | rdamedia |
| Media type term | unmediated |
| 338 ## - CARRIER TYPE | |
| Source | rdacarrier |
| Carrier type term | volume |
| 500 ## - GENERAL NOTE | |
| General note | includes index. |
| 504 ## - BIBLIOGRAPHY, ETC. NOTE | |
| Bibliography, etc. note | Bibliography: pages 225 - 229. |
| 650 10 - SUBJECT ADDED ENTRY--TOPICAL TERM | |
| Topical term or geographic name entry element | Finance |
| General subdivision | Religious aspects |
| -- | Islam. |
| Topical term or geographic name entry element | Banks and banking |
| General subdivision | Religious aspects |
| -- | Islam. |
| Topical term or geographic name entry element | Economics |
| General subdivision | Religious aspects |
| -- | Islam. |
| 942 ## - ADDED ENTRY ELEMENTS (KOHA) | |
| Source of classification or shelving scheme | Dewey Decimal Classification |
| Koha item type | Book |
| Withdrawn | Not for loan | Current library | Shelving location | Date acquired | Total Checkouts | Full call number | Barcode | Date last seen | Date last checked out | Koha item type | Total Renewals |
|---|---|---|---|---|---|---|---|---|---|---|---|
| Perpustakaan Alor Setar | Pinjaman Dewasa | 25/04/2021 | 1 | 332.088297 MUH | A01684586 | 05/03/2023 | 15/12/2021 | Book | |||
| Perpustakaan Awam Sungai Petani | Pinjaman Dewasa | 25/04/2021 | 1 | 332.088297 MUH | A01684587 | 13/09/2023 | 15/08/2023 | Book | 1 | ||
| Perpustakaan Baling | Pinjaman Dewasa | 25/04/2021 | 1 | 332.088297 MUH | A01684589 | 05/02/2022 | 05/01/2022 | Book | |||
| Perpustakaan Bandar Baharu | Pinjaman Dewasa | 25/04/2021 | 332.088297 MUH | A01684590 | 25/04/2021 | Book | |||||
| Perpustakaan Kulim | Pinjaman Dewasa | 25/04/2021 | 2 | 332.088297 MUH | A01684588 | 30/07/2024 | 14/07/2024 | Book | |||
| Perpustakaan Merbok | Pinjaman Dewasa | 25/04/2021 | 332.088297 MUH | A01684591 | 25/04/2021 | Book | |||||
| Perpustakaan Yan | Pinjaman Dewasa | 25/04/2021 | 332.088297 MUH | A01684592 | 25/04/2021 | Book |